Z ateliéru národného umelca Ladislava Čemického

Bibliographic Details
Main Author: Čemický, Ladislav 1909-2000 (Author)
Format: Article
Language:Slovak
Subjects:

MARC

LEADER 00000nab a2200000 a 4500
001 vtls000223805
003 SK-MaSNL
005 20260304220209.0
008 160215c1985 xo 0 slo
015 |a SNBRB19rr/mm-uuuuu 
035 |a CL0233919 
040 |a SNKBUCL  |b slo  |c SNKBUCL  |e AACR2 
041 0 |a slo 
044 |a xo  |c SK 
080 |a 75.071.1  |2 1981 
080 |a 37-051  |2 1981 
080 |a 929 Čemický, Ladislav  |2 1981 
100 1 |a Čemický, Ladislav  |d 1909-2000  |4 aut  |9 54290 
245 1 0 |a Z ateliéru národného umelca Ladislava Čemického  |c Ladislav Čemický 
600 1 7 |a Čemický, Ladislav  |d 1909-2000  |2 snkbucl  |9 54290 
655 7 |a články z novín a časopisov  |2 snkbucl  |9 267496 
773 0 |t Nové slovo  |g Roč. 27, č. 32 (1985) 
850 |a Slovenská národná knižnica v Martine  |a MTA001 
852 |a SNK  |b KIS3GCP 
958 |a BX 
958 |a RK 
992 |a RBX 
999 |c 3150621  |d 3152551